[Event "ICS rated blitz match"]
[Site "207.99.83.229"]
[Date "1999.06.04"]
[Round "?"]
[White "Hossa"]
[Black "phokov"]
[Result "1-0"]
[WhiteElo "2478"]
[BlackElo "2515"]
[PlyCount "48"]

1. e4 c5 2. Nf3 d6 3. d4 cxd4 4. Nxd4 Nf6 5. Nc3 Nc6 6. Be3 g6 7. Bb5 Bd7 8.
Qd3 Ne5 9. Bxd7+ Nfxd7 10. Qb5 a6 11. Qb4 Nc5 12. O-O-O Ng4 13. Na4 Nxe3 14.
fxe3 Nxa4 15. Qxa4+ b5 16. Qb3 Bg7 17. h4 O-O 18. h5 g5 19. Nf5 Rc8 20. Nxg7
Kxg7 21. e5 Rc6 22. exd6 Rxd6 23. e4 Qc7 24. Rxd6 24... Qc6 {phokov resigns}
1-0

[Event "ICS rated blitz match"]
[Site "207.99.83.229"]
[Date "1999.06.04"]
[Round "?"]
[White "Hossa"]
[Black "AzkikrU"]
[Result "1-0"]
[WhiteElo "2490"]
[BlackElo "2698"]
[PlyCount "27"]

1. e4 e5 2. Nf3 Nc6 3. Bb5 a6 4. Ba4 Nf6 5. O-O Be7 6. Re1 b5 7. Bb3 d6 8. c3
O-O 9. h3 Na5 10. Bc2 c5 11. d4 Qc7 12. Nbd2 cxd4 13. cxd4 Bb7 14. Re3 {
AzkikrU resigns} 1-0

[Event "ICS rated blitz match"]
[Site "207.99.83.229"]
[Date "1999.06.04"]
[Round "?"]
[White "iccjunkie"]
[Black "Hossa"]
[Result "0-1"]
[WhiteElo "2461"]
[BlackElo "2515"]
[PlyCount "60"]

1. c4 e5 2. g3 Nf6 3. Bg2 c6 4. d4 exd4 5. Qxd4 d5 6. cxd5 cxd5 7. Nc3 Nc6 8.
Qa4 Bb4 9. Bg5 O-O 10. Rd1 Qd6 11. Nf3 Ne4 12. Bd2 Bxc3 13. Bxc3 Re8 14. e3
Nxc3 15. bxc3 Qf6 16. O-O Be6 17. Nd4 Rac8 18. Qb5 Re7 19. Nxc6 bxc6 20. Qc5
Bf5 21. Rd4 Rcc7 22. g4 Bg6 23. h3 Red7 24. Rb4 Rc8 25. e4 dxe4 26. Bxe4 Rd2
27. Bxg6 hxg6 28. Ra4 Rd3 29. Rxa7 Rxh3 30. Kg2 30... Qf3+ {iccjunkie resigns}
0-1

[Event "ICS rated blitz match"]
[Site "207.99.83.229"]
[Date "1999.06.04"]
[Round "?"]
[White "Frank"]
[Black "Hossa"]
[Result "0-1"]
[WhiteElo "2196"]
[BlackElo "2533"]
[PlyCount "55"]

1. e4 c5 2. Nf3 d6 3. d4 cxd4 4. Nxd4 Nf6 5. Nc3 Nc6 6. Be3 e5 7. Ndb5 a6 8.
Na3 b5 9. Nd5 Rb8 10. f3 Be6 11. c4 bxc4 12. Bxc4 Rxb2 13. O-O Bxd5 14. exd5
Ne7 15. Bb3 Qb8 16. Ba4+ Nd7 17. Qd3 Rb4 18. Rab1 Rxb1 19. Rxb1 Qa8 20. Nc4
Nxd5 21. Bxd7+ Kxd7 22. Nb6+ Nxb6 23. Rxb6 Ke6 24. Rxa6 Qd5 25. Qxd5+ Kxd5 26.
Ra8 Kc4 27. a4 d5 28. Bb6 {Frank resigns} 0-1

[Event "ICS rated blitz match"]
[Site "207.99.83.229"]
[Date "1999.06.04"]
[Round "?"]
[White "blunite"]
[Black "Hossa"]
[Result "0-1"]
[WhiteElo "2287"]
[BlackElo "2537"]
[PlyCount "130"]

1. e4 c5 2. Nf3 d6 3. d3 Nf6 4. Nbd2 e5 5. g3 Be7 6. Bg2 O-O 7. O-O Nc6 8. c3
Ng4 9. h3 Nf6 10. Qe2 Be6 11. Kh2 Qd7 12. Nc4 b5 13. Ne3 b4 14. Nh4 bxc3 15.
bxc3 Rab8 16. Nhf5 Bd8 17. g4 Ne7 18. Nxe7+ Qxe7 19. g5 Nd7 20. Nf5 Bxf5 21.
exf5 Ba5 22. Bd2 Rb2 23. Rfb1 Bxc3 24. Rxb2 Bxb2 25. Rg1 Bd4 26. Be4 Rb8 27. f6
Qe6 28. Qf3 Qxa2 29. Be3 Bxe3 30. Qxe3 Rb2 31. Rg2 Re2 32. Qf3 g6 33. Bd5 e4
34. Qxe4 Rxe4 35. Bxa2 Rd4 36. Bc4 Ne5 37. f4 Nxc4 38. dxc4 Rxc4 39. Re2 Kf8
40. Kg3 Ra4 41. Re7 a5 42. Rd7 Re4 43. Rxd6 Re3+ 44. Kg4 a4 45. Rd5 c4 46. Rc5
Re4 47. Rc8+ Re8 48. Rxc4 Ra8 49. Rc2 a3 50. Ra2 Ke8 51. h4 Kd7 52. h5 Kd6 53.
hxg6 hxg6 54. Kf3 Kc5 55. Ke4 Kc4 56. Ke5 Kb3 57. Ra1 Ra5+ 58. Kd6 a2 59. Ke7
Ra7+ 60. Kf8 Kb2 61. Rxa2+ Kxa2 62. Kg8 Kb2 63. f5 gxf5 64. g6 fxg6 65. f7
65... Rxf7 {blunite resigns} 0-1

[Event "ICS rated blitz match"]
[Site "207.99.83.229"]
[Date "1999.06.04"]
[Round "?"]
[White "Hossa"]
[Black "e4c5no"]
[Result "1-0"]
[WhiteElo "2543"]
[BlackElo "2154"]
[PlyCount "61"]

1. e4 c5 2. Nf3 Nc6 3. d4 cxd4 4. Nxd4 Nf6 5. Nc3 e5 6. Ndb5 d6 7. Bg5 a6 8.
Bxf6 gxf6 9. Na3 b5 10. Nd5 f5 11. exf5 Bxf5 12. Qf3 Nd4 13. Nc7+ Qxc7 14.
Qxa8+ Ke7 15. c3 Bg7 16. Qd5 Be6 17. Qe4 f5 18. Qh4+ Bf6 19. Qh5 Bf7 20. Qh3 b4
21. cxd4 bxa3 22. Qxa3 Rg8 23. Qxa6 Bd5 24. Qb5 Bxg2 25. Bxg2 Rxg2 26. Kf1 Rg4
27. d5 Qc2 28. Qb3 Qe4 29. Rg1 Rf4 30. Qb7+ Kf8 31. Qc8+ {e4c5no resigns} 1-0

[Event "ICS rated blitz match"]
[Site "207.99.83.229"]
[Date "1999.06.04"]
[Round "?"]
[White "DarcyMilos"]
[Black "Hossa"]
[Result "0-1"]
[WhiteElo "2238"]
[BlackElo "2533"]
[PlyCount "64"]

1. d4 Nf6 2. c4 g6 3. Nc3 Bg7 4. e4 d6 5. f3 O-O 6. Nge2 e5 7. Bg5 exd4 8. Nxd4
Nc6 9. Nxc6 bxc6 10. Qd2 Qe7 11. Be2 Be6 12. O-O Rfb8 13. Rad1 Rb7 14. b3 Qf8
15. f4 Re8 16. f5 gxf5 17. exf5 Bd7 18. Bd3 h6 19. Bxf6 Bxf6 20. Ne4 Bd4+ 21.
Kh1 c5 22. f6 Be6 23. Rf3 Be5 24. Rdf1 Kh8 25. Bb1 Rbb8 26. Qd3 Qg8 27. Ng3 Bg4
28. Nf5 Bxf3 29. Qxf3 Qg5 30. Ne7 Qh4 31. g3 Qxf6 32. Qe4 32... Qxf1# {
DarcyMilos checkmated} 0-1

[Event "ICS rated blitz match"]
[Site "207.99.83.229"]
[Date "1999.06.04"]
[Round "?"]
[White "Hossa"]
[Black "MissSilicon"]
[Result "1-0"]
[WhiteElo "2538"]
[BlackElo "2585"]
[PlyCount "55"]

1. e4 e5 2. Nf3 Nc6 3. Bb5 Bc5 4. c3 Nf6 5. d4 exd4 6. e5 Qe7 7. O-O Nxe5 8.
Re1 Nfg4 9. Nxe5 Nxe5 10. f4 dxc3+ 11. Kh1 O-O 12. Rxe5 cxb2 13. Bxb2 Qd6 14.
Nd2 Qb6 15. a4 Bd6 16. Nc4 Qf2 17. Nxd6 cxd6 18. Re2 Qxf4 19. Ba3 Rd8 20. Bxd6
Qf5 21. Qe1 h6 22. Bc4 Kh7 23. Rf2 Qg4 24. Bxf7 Qd4 25. Be7 d6 26. Bxd8 Bd7 27.
Ba5 b6 28. Bc3 {MissSilicon resigns} 1-0